The noble scholar, jurist, historian


 His Excellency Dr. Abdul Wahhab bin Ibrahim Abu Sulaiman, may Allah have mercy on him.


 He was born in Umm Al-Qura in the year 1356 AH.

تحفة الأحوذي بشرح جامع الترمذي / (Record no. 5420)

MARC details
000 -LEADER
fixed length control field 01495cam a22003131i 4500
003 - CONTROL NUMBER IDENTIFIER
control field SA-RiAUC
005 - DATE AND TIME OF LATEST TRANSACTION
control field 20250129084149.0
008 - FIXED-LENGTH DATA ELEMENTS--GENERAL INFORMATION
fixed length control field 250128s1964 su g 000 0 ara c
040 ## - CATALOGING SOURCE
Original cataloging agency SA-JeALM
Language of cataloging ara
Transcribing agency SA-RiAUC
Description conventions rda
082 04 - DEWEY DECIMAL CLASSIFICATION NUMBER
Classification number 235.3
Assigning agency SA-RiAUC
090 ## - LOCALLY ASSIGNED LC-TYPE CALL NUMBER (OCLC); LOCAL CALL NUMBER (RLIN)
Classification number (OCLC) (R) ; Classification number, CALL (RLIN) (NR) 235.3
Local cutter number (OCLC) ; Book number/undivided call number, CALL (RLIN) م ب ا
100 1# - MAIN ENTRY--PERSONAL NAME
Personal name المباركفوري، محمد بن عبد الرحمن بن عبد الرحيم،
Dates associated with a name توفي 1353 هـ
Relator term مؤلف.
245 10 - TITLE STATEMENT
Title تحفة الأحوذي بشرح جامع الترمذي /
Statement of responsibility, etc. لأبي العلي محمد عبد الرحمن بن عبد الرحيم المباركفوري ؛ ظبطه وراجع أصوله وصححه عبد الرحمن محمد عثمان،
246 30 - VARYING FORM OF TITLE
Title proper/short title شرح جامع الترمذي
250 ## - EDITION STATEMENT
Edition statement [الطبعة الثانية].
264 #1 - PRODUCTION, PUBLICATION, DISTRIBUTION, MANUFACTURE, AND COPYRIGHT NOTICE
Place of production, publication, distribution, manufacture المدينة المنورة :
Name of producer, publisher, distributor, manufacturer محمد عبد المحسن الكتبي،
Date of production, publication, distribution, manufacture, or copyright notice [ 1967 ]
300 ## - PHYSICAL DESCRIPTION
Extent مجلد ؛
Dimensions 24 سم
336 ## - CONTENT TYPE
Content type term نص
Content type code txt
Source rdacontent
Materials specified كتاب
337 ## - MEDIA TYPE
Media type term بدون وسيط
Media type code n
Source rdamedia
338 ## - CARRIER TYPE
Carrier type term مجلد
Carrier type code nc
Source rdacarrier
650 17 - SUBJECT ADDED ENTRY--TOPICAL TERM
Topical term or geographic name entry element الحديث
General subdivision شرح
Source of heading or term aucsh
650 #7 - SUBJECT ADDED ENTRY--TOPICAL TERM
Topical term or geographic name entry element الحديث
General subdivision سنن الترمذي
Source of heading or term aucsh
700 12 - ADDED ENTRY--PERSONAL NAME
Personal name الترمذي، محمد بن عيسى بن سورة،
Dates associated with a name 209-279 هجري
700 1# - ADDED ENTRY--PERSONAL NAME
Personal name عثمان، عبد الرحمن محمد
Relator term مراجع.
740 02 - ADDED ENTRY--UNCONTROLLED RELATED/ANALYTICAL TITLE
Uncontrolled related/analytical title جامع الترمذي، المسمى، سنن الترمذي.
740 02 - ADDED ENTRY--UNCONTROLLED RELATED/ANALYTICAL TITLE
Uncontrolled related/analytical title سنن الترمذي.
942 ## - ADDED ENTRY ELEMENTS (KOHA)
Source of classification or shelving scheme Dewey Decimal Classification
Koha item type Books
Suppress in OPAC No
949 ## - LOCAL PROCESSING INFORMATION (OCLC)
a SA-JeALM
d 250128
u osman123
n 1
Holdings
Withdrawn status Lost status Source of classification or shelving scheme Materials specified (bound volume or other part) Damaged status Not for loan Home library Current library Date acquired Total checkouts Full call number Barcode Date last seen Price effective from Koha item type Collection
    Dewey Decimal Classification الجزء العاشر     DR AbdElwahab Library DR AbdElwahab Library 01/29/2025   235.3 م ب ا 000008765 01/29/2025 01/29/2025 Books  
    Dewey Decimal Classification مقدمة تحفة الأحوذي (الجزء الاول والثاني)     DR AbdElwahab Library DR AbdElwahab Library 06/03/2025   235.3 م ب ا 000013951 06/03/2025 06/03/2025 Books ملاحظات
    Dewey Decimal Classification الجزء الاول     DR AbdElwahab Library DR AbdElwahab Library 06/03/2025   235.3 م ب ا 000013952 06/03/2025 06/03/2025 Books ملاحظات
    Dewey Decimal Classification الجزء الثاني     DR AbdElwahab Library DR AbdElwahab Library 06/03/2025   235.3 م ب ا 000013953 06/03/2025 06/03/2025 Books ملاحظات
    Dewey Decimal Classification الجزء الثالث     DR AbdElwahab Library DR AbdElwahab Library 06/03/2025   235.3 م ب ا 000013954 06/03/2025 06/03/2025 Books ملاحظات
    Dewey Decimal Classification الجزء الرابع     DR AbdElwahab Library DR AbdElwahab Library 06/03/2025   235.3 م ب ا 000013955 06/03/2025 06/03/2025 Books ملاحظات
    Dewey Decimal Classification الجزء الخامس     DR AbdElwahab Library DR AbdElwahab Library 06/03/2025   235.3 م ب ا 000013956 06/03/2025 06/03/2025 Books ملاحظات
    Dewey Decimal Classification الجزء السادس     DR AbdElwahab Library DR AbdElwahab Library 06/03/2025   235.3 م ب ا 000013957 06/03/2025 06/03/2025 Books ملاحظات
    Dewey Decimal Classification الجزء السابع     DR AbdElwahab Library DR AbdElwahab Library 06/03/2025   235.3 م ب ا 000013958 06/03/2025 06/03/2025 Books ملاحظات
    Dewey Decimal Classification الجزء الثامن     DR AbdElwahab Library DR AbdElwahab Library 06/03/2025   235.3 م ب ا 000013959 06/03/2025 06/03/2025 Books ملاحظات
    Dewey Decimal Classification الجزء التاسع     DR AbdElwahab Library DR AbdElwahab Library 06/03/2025   235.3 م ب ا 000013960 06/03/2025 06/03/2025 Books ملاحظات